000 00585nam a2200133Ia 4500
003 GCL
008 140319s9999 xx 000 0 ara d
040 _aGCL /
_cGCL
082 0 4 _a189
_bر ف
100 1 _aابن رشد : ابوالوليد محمد بن احمد بن محمد الاندلسى القرطبى
245 1 0 _aفصل المقال L'accordo della legge divina con la filosofia /
_cابن رشد : ابوالوليد محمد بن احمد بن محمد الاندلسى القرطبى
300 _aمتعدد
490 _aمجالس الادباء رياض الترجمة
_v0
999 _c37918
_d37918